Religion Allgemeinwissen #1 - Statistiken

Allgemein
  • Dieses Quiz wurde 5.392 mal gespielt
    5.102 seit der letzten Aktualisierung
  • Das Durchschnittsergebnis liegt bei 11 aus 20
Antwortstatistiken
Frage Antwort % Korrekt
Wer war der König der griechischen Götter? Zeus
97%
Nach islamischem Recht darf ein Mann nicht mehr als vier ____ zu einem bestimmten Zeitpunkt haben. Frauen
89%
Welches ist das heiligste Tier des Hinduismus? Kuh
89%
In welcher Stadt befand sich der jüdische Tempel? Jerusalem
85%
Wer hat Goliath besiegt? König David
81%
Wer ist der nordische Gott des Donners? Thor
80%
Welche Serie von Kriegen war ein Versuch, das Heilige Land zurückzuerobern? Die Kreuzzüge
67%
Wer war der ägyptische Sonnengott? (Hinweis: Sein Name ist nur zwei Buchstaben lang) Ra
66%
In welcher Stadt wurde Jesus nach der Bibel geboren? Bethlehem
64%
Wie heißt der oberste Gott der römischen Religion? Jupiter
54%
Was ist nach dem katholischen Dogma der Ort der vorübergehenden Bestrafung und Reinigung nach dem Tod? Fegefeuer
47%
Wie nennt man die islamische Pilgerfahrt nach Mekka? Haddsch
38%
Wer ist neben dem Monarchen der Führer der Kirche von England? Erzbischof von {Canterbury}
34%
Welche Stadt ist die Grabstätte von Muhammad? Medina
34%
Was ist in indischen Religionen das Wort für den Zustand der Erleuchtung und Freiheit vom Leiden? Nirvana
31%
In welcher Stadt befindet sich der Hauptsitz der Mormonenkirche? Salt Lake City
30%
Wie heißt das letzte Buch in der Bibel? Offenbarung
29%
Was ist die indigene Religion Japans? Shinto
23%
Wer ist der hinduistische "Zerstörer"-Gott? Shiva
20%
Was war die antike griechische Version des Himmels? {Elysische} Felder
10%
Keine übereinstimmenden Quizze gefunden
Verteilung der Resultate
Anzahl Personen mit jedem Resultat
Perzentil nach korrekt beantworteten Fragen
Ihre Resultats-Entwicklung
Sie haben dieses Quiz seit der letzten Aktualisierung nicht gespielt